| 000 | 01109 a2200301 4500 | ||
|---|---|---|---|
| 001 | 63926 | ||
| 999 |
_c63926 _d16196 |
||
| 003 | TR-AnTOB | ||
| 005 | 20190829163348.0 | ||
| 008 | 110217s2005 vau 000 0 d | ||
| 035 | _a63926 | ||
| 041 | _aeng | ||
| 050 |
_aHF1118 _b.O3 2005 |
||
| 090 | _aHF1118 .O3 2005 | ||
| 092 |
_a378.1664 _bG569og |
||
| 245 | 0 |
_aGMAT quantitative review / _cfrom the Graduate Management Admission Council. |
|
| 246 | _aOfficial guide for GMAT quantitative review | ||
| 264 | 1 |
_aMcLean, VA : _bGraduate Management Admission Council, _cc2005- |
|
| 300 |
_av. : _bill. ; _c28 cm. |
||
| 500 | _a"The official guide for GMAT quantitative review." | ||
| 650 |
_aİşletme _vSınavlar, sorular, vb. _936926 |
||
| 650 |
_aManagement _zUnited States _vExaminations, questions, etc. _936925 |
||
| 650 |
_aBusiness _vExaminations, questions, etc. _936924 |
||
| 650 |
_aGraduate Management Admission Test _vStudy guides _vPeriodicals _936923 |
||
| 650 |
_aYönetim _zAmerika Birleşik Devletleri _vSınavlar, sorular, vb. _936927 |
||
| 710 | 2 |
_aGraduate Management Admission Council _936922 |
|
| 901 | _a0021403 | ||
| 942 | _cBK | ||